• 首页
  • 本馆介绍
  • 公告通知
  • 最新文献
  • 馆藏检索
  • 电子资源
  • 读者导购
  • 参考咨询
  • 我的图书馆
  • 登录
  • 详细信息显示
  • 放入我的书架
  • 预约/预借图书
  • 作者相关作品
  • 分类相关作品
  • 丛书相关作品
  • 出版社相关作品

书目信息

  • 表格格式
  • 工作单格式
  • 卡片格式
题名:
盒式收录机修理指南
    
 
作者: 俞传定 , 徐存仁 编著
分册:  
出版信息: 郑州   河南科学技术出版社  1984
页数: 225页
开本: 19cm
丛书名:
单 册:
中图分类: TN912.22-62 , TN646
科图分类:
主题词: 收录两用机--维修--指南 , 电声器件
电子资源:
ISBN:
000 00774nam0 2200277 45
001 0184016248
005 20040518090904.6
010    @dCNY0.93
091    @a15245.38
100    @a19950629d1984 em y0chiy0121 ea
101 0  @achi
102    @aCN@b410000
105    @ay z 000yy
106    @ar
200 10 @a盒式收录机修理指南@Ahe shi shou lu ji xiu li zhi nan@e故障排除100例@f俞传定,徐存仁编著
210    @a郑州@c河南科学技术出版社@d1984
215    @a225页@d19cm
606    @a收录两用机@x维修@x指南
606 0  @a电声器件
690    @aTN912.22-62@v3 
690    @aTN646
701  0 @a俞传定@Ayu chuan ding@4编著
701  0 @a徐存仁@Axu cun ren@4编著
801  0 @aCN@b上海图书馆@c20040518
801  2 @aCN@bNLC@c20040518
905    @f2@b112892-893@dTN646@e25
    
    盒式收录机修理指南:故障排除100例/俞传定,徐存仁编著.-郑州:河南科学技术出版社,1984
    225页;19cm
    
    
    ISBN :CNY0.93
    
●
相关链接 在E读中查询图书 在五车中查询图书 在当当中查询图书 在豆瓣中查询图书


正题名:盒式收录机修理指南     索取号:TN646/25         预约/预借

序号 登录号 条形码 馆藏地/架位号 状态 备注
1 0112892   001361859   第三借阅区/ [索取号:TN646/25] 在馆    
2 0112893   001354359   第二样本阅览室/ [索取号:TN646/25] 在馆    
唐山师范学院图书馆 欢迎您!
大连网信软件有限公司© 版权所有